World Capitals Closest to Bratislava - 15 Second Sprint - Statistics

General Stats
  • This quiz has been taken 30 times
  • The average score is 5 of 20
Answer Stats
km capital miles % Correct
56 Vienna 35
78%
162 Budapest 101
67%
553 Berlin 344
59%
288 Prague 179
41%
534 Warsaw 332
41%
784 Rome 487
37%
273 Zagreb 170
22%
453 Belgrade 282
19%
737 Bern 458
19%
580 Vaduz 360
19%
806 Bucharest 501
11%
305 Ljubljana 190
11%
488 Sarajevo 303
11%
688 Pristina 428
7%
789 Tirana 490
7%
658 Podgorica 409
4%
591 San Marino 367
4%
764 Skopje 475
4%
785 Vatican City 488
4%
777 Sofia 483
0%
No matching quizzes found
Score Distribution
Percent of People with Each Score
Percentile by Number Answered
Your Score History
You have not taken this quiz